[Event "Rogachev"]
[Site "Rogachev"]
[Date "2022.10.01"]
[Round "8"]
[White "Grigorjev, Iljya"]
[Black "Pakhomov, Alexey"]
[Result "1-0"]
[WhiteElo "2404"]
[BlackElo "2305"]
[PlyCount "73"]
[EventDate "2022.09.27"]
[EventType "tourn"]
[EventRounds "9"]
[EventCountry "BLR"]
[EventCategory "1"]
[SourceTitle "CBM 210 Extra"]
[Source "ChessBase"]
[SourceDate "2022.11.30"]
[SourceVersion "1"]
[SourceVersionDate "2022.11.30"]
[SourceQuality "1"]

1. e4 c5 2. Nf3 d6 3. d4 cxd4 4. Nxd4 Nf6 5. Nc3 e6 6. g4 h6 7. Rg1 Nc6 8. Be3 Be7 9. Qe2 Nxd4 10. Bxd4 e5 11. Be3 Be6 12. 0-0-0 Rc8 13. Qb5+ Qd7 14. Bxa7 Bxg4 15. Qxd7+ Bxd7 16. Rxg7 Rxc3 17. bxc3 Nxe4 18. f4 Nxc3 19. Re1 Nxa2+ 20. Kb2 Nb4 21. fxe5 dxe5 22. Bc4 Nc6 23. Bb6 Be6 24. Bxe6 fxe6 25. Rf1 e4 26. c3 Ne5 27. Bd4 Nd3+ 28. Kc2 e5 29. Be3 Rf8 30. Rxf8+ Bxf8 31. Rxb7 Ne1+ 32. Kd1 Nf3 33. h3 Nh4 34. c4 Nf5 35. Ke2 Nd6 36. Rb8+ Kf7 37. Bc5 1-0

[Event "SVK-chT1E 1819"]
[Site "Slovakia"]
[Date "2019.02.23"]
[Round "8.3"]
[White "Vetoshko, Volodymyr"]
[Black "Pakhomov, Alexey"]
[Result "1-0"]
[WhiteElo "2510"]
[BlackElo "2324"]
[PlyCount "107"]
[EventDate "2018.10.27"]
[EventType "team-tourn"]
[EventRounds "11"]
[EventCountry "SVK"]
[SourceTitle "CBM 189 Extra"]
[Source "ChessBase"]
[SourceDate "2019.06.03"]
[SourceVersion "1"]
[SourceVersionDate "2019.06.03"]
[SourceQuality "1"]
[WhiteTeam "Kosice Slavia UPJS"]
[BlackTeam "Dunajov Inbest II"]
[WhiteTeamCountry "SVK"]
[BlackTeamCountry "SVK"]

1. e4 Nf6 2. e5 Nd5 3. d4 d6 4. Nf3 Bg4 5. Be2 e6 6. h3 Bh5 7. c4 Nb6 8. exd6 cxd6 9. Nc3 Be7 10. d5 e5 11. g4 Bg6 12. h4 h5 13. g5 Na6 14. Be3 Rc8 15. b3 Nc5 16. Bxc5 Rxc5 17. Bd3 Rc8 18. Qc2 Bxd3 19. Qxd3 g6 20. Ne4 Nd7 21. b4 Qb6 22. a3 Qa6 23. Rc1 0-0 24. Ke2 b6 25. Nfd2 Qb7 26. Rb1 b5 27. c5 dxc5 28. d6 Bd8 29. bxc5 Nxc5 30. Qxb5 Qxb5+ 31. Rxb5 Ne6 32. Rxe5 Rc6 33. Rb1 Bb6 34. Kd1 Rd8 35. Rc1 Rcxd6 36. Nxd6 Rxd6 37. Rc8+ Kh7 38. Kc1 Bd4 39. Rb5 Bg7 40. Rb7 Rd4 41. Rc4 Kg8 42. Rxa7 Rd8 43. Ne4 Bd4 44. Rb7 Kg7 45. Rc6 Kg8 46. a4 Ra8 47. Rc4 Be5 48. Rb5 Bg7 49. Nf6+ Bxf6 50. gxf6 Nf8 51. a5 Nd7 52. Rc6 Kh7 53. Rc7 Rd8 54. Rd5 1-0

[Event "SVK-chT1E 1819"]
[Site "Slovakia"]
[Date "2018.11.24"]
[Round "3.1"]
[White "Pakhomov, Alexey"]
[Black "Mazur, Stefan"]
[Result "1/2-1/2"]
[WhiteElo "2324"]
[BlackElo "2411"]
[PlyCount "80"]
[EventDate "2018.10.27"]
[EventType "team-tourn"]
[EventRounds "11"]
[EventCountry "SVK"]
[SourceTitle "CBM 188 Extra"]
[Source "ChessBase"]
[SourceDate "2019.02.26"]
[SourceVersion "1"]
[SourceVersionDate "2019.02.26"]
[SourceQuality "1"]
[WhiteTeam "Dunajov Inbest II"]
[BlackTeam "Michalovce Zemplin"]
[WhiteTeamCountry "SVK"]
[BlackTeamCountry "SVK"]

1. d4 Nf6 2. c4 g6 3. Nc3 Bg7 4. e4 d6 5. Nf3 0-0 6. Be2 e5 7. 0-0 Nc6 8. d5 Ne7 9. Ne1 Nd7 10. f3 f5 11. g4 a5 12. Rb1 Nc5 13. Ng2 Kh8 14. h4 Ng8 15. Be3 Nf6 16. h5 f4 17. Bxc5 dxc5 18. hxg6 hxg6 19. Rf2 Ne8 20. Nh4 Ra6 21. Rh2 Kg8 22. Qf1 Kf7 23. Qf2 Rh8 24. Na4 g5 25. Nf5 Rxh2 26. Qxh2 Bxf5 27. gxf5 Rh6 28. Qg2 b6 29. Kf2 Nf6 30. Rh1 Qh8 31. Kg1 g4 32. Rxh6 Qxh6 33. Nc3 g3 34. Qh1 Qg5 35. Qg2 Bf8 36. Qh3 Bd6 37. Bd3 Kg7 38. Nb5 Ne8 39. Bc2 Nf6 40. Na7 Nh7 1/2-1/2

[Event "RUS-chT2"]
[Site "Sochi"]
[Date "2017.05.01"]
[Round "1.2"]
[White "Savchenko, Boris"]
[Black "Pakhomov, Alexey"]
[Result "1-0"]
[WhiteElo "2634"]
[BlackElo "2343"]
[PlyCount "71"]
[EventDate "2017.05.01"]
[EventType "team-swiss"]
[EventRounds "9"]
[EventCountry "RUS"]
[SourceTitle "CBM 178 Extra"]
[Source "ChessBase"]
[SourceDate "2017.06.22"]
[SourceVersion "1"]
[SourceVersionDate "2017.06.22"]
[SourceQuality "1"]
[WhiteTeam "Chechen Republic"]
[BlackTeam "Smolensk Region VOS"]
[WhiteTeamCountry "RUS"]
[BlackTeamCountry "RUS"]

1. e4 e6 2. d4 d5 3. Nc3 Bb4 4. a3 Bxc3+ 5. bxc3 Ne7 6. Bd3 c5 7. Nf3 Nbc6 8. 0-0 c4 9. exd5 exd5 10. Be2 f6 11. a4 0-0 12. Ba3 Re8 13. Re1 Ng6 14. Qb1 Rb8 15. Nd2 Be6 16. Bf1 Qd7 17. g3 Bf7 18. Qb5 a6 19. Qb6 h5 20. h4 Red8 21. Rab1 Qf5 22. Rbc1 Nf8 23. Bxf8 Rxf8 24. Bg2 Rfd8 25. Re2 Qd7 26. Rb1 Qd6 27. Ra1 Bg6 28. Nf1 Bf7 29. Ne3 Qd7 30. Rae1 Ne7 31. a5 Nc6 32. Qc5 Rbc8 33. Kh2 g6 34. Nxd5 Qd6 35. Re8+ Bxe8 36. Rxe8+ 1-0

[Event "IBCA EU-ch blind 06th"]
[Site "Lyon"]
[Date "2015.07.27"]
[Round "3"]
[White "Pakhomov, Alexey"]
[Black "Nizam, Rasim"]
[Result "1/2-1/2"]
[WhiteElo "2346"]
[BlackElo "2180"]
[PlyCount "153"]
[EventDate "2015.07.25"]
[EventType "swiss"]
[EventRounds "9"]
[EventCountry "FRA"]
[SourceTitle "CBM 167 Extra"]
[Source "ChessBase"]
[SourceDate "2015.09.14"]
[SourceVersion "1"]
[SourceVersionDate "2015.09.14"]
[SourceQuality "1"]

1. d4 e6 2. Nf3 Nf6 3. Bg5 Be7 4. c4 0-0 5. Nc3 d5 6. e3 b6 7. cxd5 exd5 8. Bd3 Bb7 9. Qc2 Nbd7 10. 0-0 c5 11. Ne5 c4 12. Bf5 g6 13. Bh3 Nxe5 14. dxe5 Nd7 15. Bh6 Nxe5 16. Bxf8 Bxf8 17. Rad1 a6 18. b3 b5 19. bxc4 bxc4 20. Ne2 Nd3 21. Rb1 Qe7 22. Rb6 Bh6 23. Qb1 Rb8 24. Nc3 Qe5 25. Rxb7 Rxb7 26. Qxb7 Qxc3 27. Qxd5 Nxf2 28. Be6 Qxe3 29. Bxf7+ Kg7 30. Qf3 Qxf3 31. gxf3 Nh3+ 32. Kg2 Nf4+ 33. Kh1 Kxf7 34. Rc1 Ne6 35. Rxc4 Bd2 36. Kg2 Kf6 37. Kf2 a5 38. a3 Bf4 39. h3 Bd6 40. Ra4 Bc5+ 41. Kg3 Bb6 42. Rc4 h5 43. Rc6 Bc7+ 44. Kf2 g5 45. Kg2 h4 46. Kf2 Ke5 47. Rc4 Bb6+ 48. Kg2 Nd4 49. Rc8 Ne6 50. Rc4 Nf4+ 51. Kh2 Nd3 52. Rc6 Bc5 53. Ra6 Bxa3 54. Rxa5+ Bc5 55. Ra4 Bd4 56. Ra5+ Kf4 57. Rd5 Ke3 58. Rxg5 Be5+ 59. Kg1 Kxf3 60. Rg4 Bg3 61. Ra4 Bf4 62. Ra3 Be3+ 63. Kh2 Nf2 64. Rb3 Nd1 65. Ra3 Nb2 66. Rb3 Nc4 67. Rc3 Nd2 68. Ra3 Nf1+ 69. Kh1 Ng3+ 70. Kh2 Ne4 71. Rb3 Ke2 72. Kg2 Bd2 73. Rb5 Nc3 74. Re5+ Be3 75. Rh5 Bf2 76. Re5+ Be3 77. Rh5 1/2-1/2

[Event "RUS-chT blitz"]
[Site "Sochi"]
[Date "2015.05.10"]
[Round "5.26"]
[White "Dragomarezkij, Evgeni"]
[Black "Pakhomov, Alexey"]
[Result "1-0"]
[WhiteElo "2393"]
[BlackElo "2356"]
[PlyCount "161"]
[EventDate "2015.05.10"]
[EventType "team-swiss (blitz)"]
[EventRounds "11"]
[EventCountry "RUS"]
[SourceTitle "CBM 166 Extra"]
[Source "ChessBase"]
[SourceDate "2015.06.18"]
[SourceVersion "1"]
[SourceVersionDate "2015.06.18"]
[SourceQuality "1"]
[WhiteTeam "Moscow Our Heritage Seniors"]
[BlackTeam "Smolensk Region VOS"]
[WhiteTeamCountry "RUS"]
[BlackTeamCountry "RUS"]

1. c4 e6 2. d4 d5 3. Nc3 f5 4. Bf4 c6 5. e3 Nf6 6. Bd3 Be7 7. Nf3 0-0 8. Qc2 Ne4 9. h3 Qa5 10. 0-0 Nd7 11. a3 Ndf6 12. b4 Qd8 13. b5 Bd7 14. bxc6 Bxc6 15. Ne5 Rc8 16. c5 g5 17. Nxc6 Rxc6 18. Be5 Nd7 19. Bh2 Ndxc5 20. dxc5 Rxc5 21. Bxe4 fxe4 22. Qb3 b6 23. Be5 Bd6 24. Bxd6 Qxd6 25. Rfd1 Qe5 26. Ne2 Qf6 27. Rf1 h5 28. Qd1 g4 29. Nf4 Qf5 30. h4 Rfc8 31. Ne2 e5 32. Rc1 Qf6 33. Rxc5 Rxc5 34. Qa4 Qe7 35. Ng3 Rc4 36. Qb5 Rc5 37. Qa6 Qf7 38. a4 Ra5 39. Qe2 Rxa4 40. Rc1 Rc4 41. Rb1 Rc5 42. Qa2 Qc7 43. Nxe4 Rc1+ 44. Rxc1 Qxc1+ 45. Kh2 Qc6 46. Ng3 Kh7 47. Qxa7+ Kg6 48. Qe7 Qf6 49. Qd7 Qxf2 50. Qe6+ Qf6 51. Qxd5 b5 52. Qe4+ Kh6 53. Nf5+ Kh7 54. Kg3 b4 55. Nd4+ Kg7 56. Nc6 b3 57. Qd5 b2 58. Qd7+ Kh6 59. Qb7 b1Q 60. Qxb1 Qxc6 61. Qf5 Qd6 62. Qg5+ Kh7 63. Qxh5+ Kg7 64. Qxg4+ Kf7 65. Qf5+ Ke7 66. h5 Qd2 67. Qxe5+ Kf7 68. Qf4+ Kg7 69. Kh3 Qd1 70. Kh4 Qh1+ 71. Kg5 Qxg2+ 72. Qg4 Qd5+ 73. Kh4+ Kh8 74. e4 Qd2 75. Qf5 Qh2+ 76. Kg5 Qg3+ 77. Kf6 Qh4+ 78. Ke6 Qd8 79. Qf6+ Qxf6+ 80. Kxf6 Kh7 81. e5 1-0

[Event "RUS-chT blitz"]
[Site "Sochi"]
[Date "2015.05.10"]
[Round "4.18"]
[White "Pakhomov, Alexey"]
[Black "Frolyanov, Dmitry"]
[Result "1/2-1/2"]
[WhiteElo "2356"]
[BlackElo "2569"]
[PlyCount "147"]
[EventDate "2015.05.10"]
[EventType "team-swiss (blitz)"]
[EventRounds "11"]
[EventCountry "RUS"]
[SourceTitle "CBM 166 Extra"]
[Source "ChessBase"]
[SourceDate "2015.06.18"]
[SourceVersion "1"]
[SourceVersionDate "2015.06.18"]
[SourceQuality "1"]
[WhiteTeam "Smolensk Region VOS"]
[BlackTeam "Samara Ladya"]
[WhiteTeamCountry "RUS"]
[BlackTeamCountry "RUS"]

1. d4 d5 2. Bg5 h6 3. Bf4 Nf6 4. e3 e6 5. c4 c5 6. Nf3 Nc6 7. Nc3 cxd4 8. exd4 Bb4 9. Bd3 dxc4 10. Bxc4 Nd5 11. Bd2 Be7 12. 0-0 0-0 13. Ne4 Nf6 14. Nxf6+ Bxf6 15. Be3 Ne7 16. Rc1 b6 17. Qe2 Bb7 18. Rfd1 Nf5 19. Bb3 Bd5 20. Ba4 Qd6 21. a3 Rac8 22. Bc2 Rfe8 23. Ba4 Red8 24. Bc2 Qb8 25. Kh1 Qb7 26. Kg1 Bxf3 27. Qxf3 Qxf3 28. gxf3 Nxd4 29. Bxd4 Bxd4 30. Rxd4 Rxd4 31. Bh7+ Kxh7 32. Rxc8 Rd2 33. Rc7 Kg6 34. Rxa7 Rxb2 35. Kg2 Kf6 36. a4 Ra2 37. Rb7 Rxa4 38. Rxb6 g5 39. Rb8 Ra3 40. Rh8 Kg7 41. Rb8 f5 42. Re8 Ra6 43. Re7+ Kf6 44. Rh7 Kg6 45. Re7 h5 46. Kg3 g4 47. fxg4 hxg4 48. Re8 Kf7 49. Rb8 Ra3+ 50. Kg2 Rf3 51. Rb7+ Kf6 52. Rb6 Ke7 53. Rb7+ Kd6 54. Rb6+ Kd5 55. Rb5+ Kd4 56. Rb4+ Kc5 57. Rb8 e5 58. Rf8 Kd5 59. h4 Ke4 60. h5 Rh3 61. Rh8 Kf4 62. h6 Kg5 63. h7 Kg6 64. Re8 Kxh7 65. Rxe5 Kg6 66. Re8 Kg5 67. Rd8 Ra3 68. Rc8 Ra2 69. Rc5 Kf4 70. Rc4+ Ke5 71. Rc5+ Ke4 72. Rc4+ Ke5 73. Rc5+ Kf6 74. Rc6+ 1/2-1/2

[Event "IBCA Wch blind 13th"]
[Site "Katerini"]
[Date "2014.05.12"]
[Round "7"]
[White "Stachanczyk, Jacek"]
[Black "Pakhomov, Alexey"]
[Result "1-0"]
[WhiteElo "2252"]
[BlackElo "2364"]
[PlyCount "55"]
[EventDate "2014.05.05"]
[EventType "swiss"]
[EventRounds "9"]
[EventCountry "GRE"]
[SourceTitle "CBM 160 Extra"]
[Source "ChessBase"]
[SourceDate "2014.07.01"]
[SourceVersion "1"]
[SourceVersionDate "2014.07.01"]
[SourceQuality "1"]

1. e4 e6 2. d4 d5 3. Nc3 Bb4 4. e5 c5 5. a3 Bxc3+ 6. bxc3 Qc7 7. Qg4 f5 8. Qg3 Ne7 9. Qxg7 Rg8 10. Qxh7 cxd4 11. Ne2 dxc3 12. h4 Nbc6 13. Bg5 Qxe5 14. f4 Qe4 15. Rh3 e5 16. Rxc3 Be6 17. 0-0-0 d4 18. Rc5 Bf7 19. fxe5 b6 20. Ng3 Qg4 21. Rxc6 Rxg5 22. Bb5 Nxc6 23. Bxc6+ Kf8 24. hxg5 Qxg3 25. Qh8+ Ke7 26. Qf6+ Kf8 27. Qd6+ Kg8 28. Bxa8 1-0